000 00478cam a2200145 4500500
005 20251012005056.0
041 _afre
042 _adc
100 1 0 _aKoller, Sylvie
_eauthor
245 0 0 _aArnaud Esquerre, Liberté, vérité, démocratie. Climats, 2025, 120 páginas, 18 €.
260 _c2025.
500 _a3
786 0 _nÉtudes | Avril | 4 | 2025-03-24 | p. 140-141
856 4 1 _uhttps://shs.cairn.info/revista-etudes-2025-4-page-140?lang=es&redirect-ssocas=7080
999 _c1516504
_d1516504